000 00537pam a2200205 a 4500
020 _c
040 _aMedical College Lib.
041 _aENG
_hENG
082 _a616.07
_bFRI
100 _aFrisch , B. .
245 _aBiopsy Interpretation of Bone & Bone Marrow /
_c
_hTextual Documents
260 _aLondon :
_bArnold ,
_c1999.
300 _a285 ;
_c
365 _a4,687=00
653 _aPathology
_aMedical Science
700 _aBartl , .
930 _a3224
999 _c3223
_d3223